| 000 | 01130cam a22003134a 4500 | ||
|---|---|---|---|
| 001 | 12180377 | ||
| 003 | OSt | ||
| 005 | 20140310182007.0 | ||
| 008 | 000921s2001 nyua 001 0 eng | ||
| 010 | _a 00048263 | ||
| 020 | _a0439332117 | ||
| 040 |
_aDLC _cDLC _dDLC |
||
| 042 | _apcc | ||
| 050 | 0 | 0 |
_aQA 95 _b.W812 2001 |
| 082 | 0 | 0 |
_aKF _bW75w 2001 |
| 100 | 1 |
_aWise, Bill, _d1958- _95588 |
|
| 245 | 1 | 0 |
_aWhodunit math puzzles / _cBill Wise ; illustrated by Lucy Corvino. |
| 260 |
_aNew York : _bSterling Pub., _cc2001. |
||
| 300 |
_a96 p. : _bill. ; _c22 cm. |
||
| 500 | _aIncludes index. | ||
| 541 | _j1 | ||
| 562 | _eFor circulation. 1 copy available in the collection | ||
| 650 | 0 |
_aMathematical recreations. _9741 |
|
| 700 | 1 |
_aCorvino, Lucy, _eill. _95589 |
|
| 856 | 4 | 2 |
_3Publisher description _uhttp://www.loc.gov/catdir/description/ste021/00048263.html |
| 906 |
_a7 _bcbc _corignew _d1 _eocip _f20 _gy-gencatlg |
||
| 942 |
_2lcc _cBK-KF _kKF |
||
| 999 |
_c8070 _d8070 |
||